O vděčném bažantovi korejská pohádka

Podrobná bibliografia
Ďalší autori: Voskovec, Prokop, 1893-1977 (Prekladateľ), Novák, Josef (Ilustrátor)
Médium: Kniha
Jazyk:čeština
ruština
Fyzický popis:[16] s. 8°
Vydavateľské údaje: Bratislava Mladé letá 1960
Edícia:Nejhezčí pohádky
Predmet:

MARC

LEADER 00000nam a2200000 a 4500
001 vtls008360752
003 SK-MaSNL
005 20260301020727.0
008 230403s1960 xo cze
015 |a SNBA1960/11-01829 
035 |a SK01SNK19600052969 
035 |a urn:nbn:sk:snk-amlmew 
035 |a urn:nbn:sk:snk-am00bw8g 
035 |a 6691D10D-BDAD-41F2-BD71-5E02C82E3304 
035 |a SKM000055432 
040 |a SNK  |b slo  |c SNK  |e AACR2 
041 1 |a cze  |h rus 
044 |a xo  |c SK 
080 |a 895.7-(087.5)  |2 1981 
130 1 0 |a Korejskie skazki  |l Česky  |9 308585 
245 0 0 |a O vděčném bažantovi  |b korejská pohádka  |c z rus. vyd. "Korejskie skazki" prel. a upr. P. Voskovec ; ilustr. Josef Novák 
260 |a Bratislava  |b Mladé letá  |c 1960  |e Martin  |f Tlačiarne SNP 
300 |a [16] s.  |c 8° 
490 1 |a Nejhezčí pohádky 
563 |a 35300 výtl. 
650 0 7 |a rozprávky ľudové kórejské  |2 SNK  |9 308586 
655 7 |a umelecká literatúra  |2 SNKPH  |9 60405 
700 1 |a Voskovec, Prokop,  |d 1893-1977  |4 trl  |9 109109 
700 1 |a Novák, Josef  |4 ill  |9 6002 
730 |a Korejskie skazki  |9 308587 
830 0 |a Nejhezčí pohádky  |9 308588 
852 |a Slovenská národná knižnica 
954 |a beletria cudzojazyčná (svetová)  |2 lita 
958 |a OND 
958 |a TL 
958 |a DB 
958 |a RK 
958 |a RU 
958 |a BQ 
958 |a EUIPO 
999 |c 563639  |d 565569 
952 |a SNK  |b SNK  |y PREZ  |7 0  |p 17A0677234  |o snkSD 19278  |i snkKSP 3587/60  |0 0  |1 0  |4 0  |d 2010-10-29  |f 1  |l 0  |r 2025-12-03 00:00:00  |w 2026-02-23